Подробности
| 000 -МАРКЕР |
| контрольное поле |
03800nkm0a2200649 4500 |
| 001 - ИДЕНТИФИКАТОР ЗАПИСИ |
| контрольное поле |
RU\NLR\BIBL_A\011480985 |
| 005 - ИДЕНТИФИКАТОР ВЕРСИИ |
| контрольное поле |
20260409064150.0 |
| 035 ## - ДРУГИЕ СИСТЕМНЫЕ НОМЕРА |
| Идентификатор записи |
(NLR Aleph) 011480985 |
| 071 50 - ИЗДАТЕЛЬСКИЙ НОМЕР |
| Номер, присвоенный агентством |
1310 |
| 100 ## - ДАННЫЕ ОБЩЕЙ ОБРАБОТКИ |
| Данные общей обработки |
20170928f19041914|||y0rusy50 ca |
| 101 0# - ЯЗЫК РЕСУРСА |
| Язык текста, звукозаписи и т.д. |
русский |
| -- |
немецкий |
| -- |
французский |
| 102 ## - СТРАНА ПУБЛИКАЦИИ ИЛИ ПРОИЗВОДСТВА |
| Страна публикации |
Российская Федерация |
| 116 ## - ПОЛЕ КОДИРОВАННЫХ ДАННЫХ: ИЗОБРАЗИТЕЛЬНЫЕ МАТЕРИАЛЫ |
| Кодированные данные для изобразительных материалов. |
diycxx zz ae |
| 135 ## - ПОЛЕ КОДИРОВАННЫХ ДАННЫХ: ЭЛЕКТРОННЫЕ РЕСУРСЫ |
| Кодированные данные для электронного ресурса |
crcn 024anaba |
| 200 1# - ЗАГЛАВИЕ И СВЕДЕНИЯ ОБ ОТВЕТСТВЕННОСТИ |
| Основное заглавие |
На Св. Пасхе |
| Общее обозначение материала |
Изоматериал |
| Параллельное заглавие |
Zu Ostern |
| Сведения, относящиеся к заглавию |
открытое письмо |
| Первые сведения об ответственности |
И. Куликов |
| Язык параллельного заглавия |
немецкий |
| 210 ## - ПУБЛИКАЦИЯ, РАСПРОСТРАНЕНИЕ И ДР. |
| Место издания, распространения и т.д. |
С.-Петербург |
| Имя издателя, распространителя и т. д. |
издание "Ришар" |
| Дата издания, распространения и т.д. |
[между 1904 и 1914] |
| Имя изготовителя |
Т-во Голике и Вильборг |
| 215 ## - ФИЗИЧЕСКАЯ ХАРАКТЕРИСТИКА |
| Специфическое обозначение материала и объем |
1 л. |
| Другие сведения о физической характеристике |
цв. автотип. |
| Размеры |
13,9х9 |
| 300 ## - ОБЩИЕ ПРИМЕЧАНИЯ |
| Текст примечания |
Загл. также на фр. яз.: Départ pour la messe de Pâque |
| 300 ## - ОБЩИЕ ПРИМЕЧАНИЯ |
| Текст примечания |
Художник также на нем. яз.: J. Kul[i]koff |
| 300 ## - ОБЩИЕ ПРИМЕЧАНИЯ |
| Текст примечания |
Справа вверху факс. подписи художника: "И. Куликов" |
| 300 ## - ОБЩИЕ ПРИМЕЧАНИЯ |
| Текст примечания |
Вых. дан. также на фр. яз.: St. Pétersbourg : edition "Richard" |
| 300 ## - ОБЩИЕ ПРИМЕЧАНИЯ |
| Текст примечания |
На адрес. стороне изд. марка: "Richard" "Ришар" |
| 301 ## - ПРИМЕЧАНИЯ, ОТНОСЯЩИЕСЯ К ИДЕНТИФИКАЦИОННЫМ НОМЕРАМ |
| Текст примечания |
Изд. номер: № 1310 |
| 325 1# - ПРИМЕЧАНИЕ О КОПИИ |
| Текст примечания |
Копия доступна в электронной библиотеке РНБ |
| 327 0# - ПРИМЕЧАНИЯ О СОДЕРЖАНИИ |
| Текст примечания |
Молодая женщина в русском костюме, держащая в руках ковш с пасхальными яйцами |
| 510 1# - ПАРАЛЛЕЛЬНОЕ ЗАГЛАВИЕ |
| Связь между полями |
z42790 |
| Параллельное заглавие |
Zu Ostern |
| Язык заглавия |
немецкий |
| 517 1# - ДРУГИЕ ВАРИАНТЫ ЗАГЛАВИЯ |
| Вариант заглавия |
Départ pour la messe de Pâque |
| Язык заглавия |
французский |
| 532 12 - РАСШИРЕННОЕ ЗАГЛАВИЕ |
| Заглавие |
На Святой Пасхе |
| 540 1# - ДОПОЛНИТЕЛЬНОЕ ЗАГЛАВИЕ, ПРИМЕНЯЕМОЕ КАТАЛОГИЗАТОРОМ |
| Заглавие |
На пасхальную службу |
| 540 1# - ДОПОЛНИТЕЛЬНОЕ ЗАГЛАВИЕ, ПРИМЕНЯЕМОЕ КАТАЛОГИЗАТОРОМ |
| Заглавие |
Молодая женщина в русском костюме, держащая в руках ковш с пасхальными яйцами |
| 606 1# - НАИМЕНОВАНИЕ ТЕМЫ КАК ПРЕДМЕТ |
| Наименование темы |
Почтовые открытки маркированные художественные |
| Географический подзаголовок |
Россия |
| Хронологический подзаголовок |
1895 - 1917 |
| Системный номер авторитетной/нормативной записи |
2195710 |
| Идентификатор авторитетной/нормативной записи |
RU\NLR\AUTH\6601555036 |
| 606 1# - НАИМЕНОВАНИЕ ТЕМЫ КАК ПРЕДМЕТ |
| Наименование темы |
Костюм русский |
| Формальный подзаголовок |
Открытки |
| Системный номер авторитетной/нормативной записи |
2083217 |
| Идентификатор авторитетной/нормативной записи |
RU\NLR\AUTH\661259267 |
| 606 1# - НАИМЕНОВАНИЕ ТЕМЫ КАК ПРЕДМЕТ |
| Наименование темы |
Костюм женский |
| Формальный подзаголовок |
Открытки |
| Системный номер авторитетной/нормативной записи |
2115309 |
| Идентификатор авторитетной/нормативной записи |
RU\NLR\AUTH\661581475 |
| 610 1# - НЕКОНТРОЛИРУЕМЫЕ ПРЕДМЕТНЫЕ ТЕРМИНЫ |
| Предметный термин |
Поздравительные открытки |
| 610 1# - НЕКОНТРОЛИРУЕМЫЕ ПРЕДМЕТНЫЕ ТЕРМИНЫ |
| Предметный термин |
Пасхальные открытки |
| 610 1# - НЕКОНТРОЛИРУЕМЫЕ ПРЕДМЕТНЫЕ ТЕРМИНЫ |
| Предметный термин |
Пасхальные яйца |
| 620 ## - МЕСТО И ДАТА ПУБЛИКАЦИИ, ИСПОЛНЕНИЯ И Т. Д. |
| Город |
Санкт-Петербург |
| 620 ## - МЕСТО И ДАТА ПУБЛИКАЦИИ, ИСПОЛНЕНИЯ И Т. Д. |
| Город |
St. Pétersbourg |
| 686 0# - ИНДЕКСЫ ДРУГИХ КЛАССИФИКАЦИЙ |
| Индекс |
Щ153(2Р=Рус)53-489 |
| 700 #1 - ИМЯ ЛИЦА - ПЕРВИЧНАЯ ОТВЕТСТВЕННОСТЬ |
| Код отношения |
Карикатурист, Художник |
| Начальный элемент ввода |
Куликов |
| Часть имени, кроме начального элемента ввода |
И. С. |
| Даты |
1875-1941 |
| Расширение инициалов личного имени |
Иван Семенович |
| Системный номер авторитетной/нормативной записи |
178569 |
| Идентификатор авторитетной/нормативной записи |
RU\NLR\AUTH\770178620 |
| 712 02 - НАИМЕНОВАНИЕ ОРГАНИЗАЦИИ - ВТОРИЧНАЯ ОТВЕТСТВЕННОСТЬ |
| Код отношения |
Издатель |
| Начальный элемент ввода |
"Ришар", издательство |
| Идентифицирующий признак |
Петербург |
| Идентификатор авторитетной/нормативной записи |
RU\NLR\AUTH\880381912 |
| Системный номер авторитетной/нормативной записи |
430085 |
| 712 02 - НАИМЕНОВАНИЕ ОРГАНИЗАЦИИ - ВТОРИЧНАЯ ОТВЕТСТВЕННОСТЬ |
| Код отношения |
Печатник (типограф) |
| Начальный элемент ввода |
"Голике, Р. и Вильборг, А.", товарищество |
| Идентифицирующий признак |
Петербург |
| Идентификатор авторитетной/нормативной записи |
RU\NLR\AUTH\8810222039 |
| Системный номер авторитетной/нормативной записи |
328916 |
| 790 #1 - ИМЯ ЛИЦА - АЛЬТЕРНАТИВНАЯ ФОРМА |
| Графика поля |
Латинская |
| Материалы, к которым относится поле |
rus |
| Начальный элемент ввода |
Kulikov |
| Часть имени, кроме начального элемента ввода |
I. S. |
| Даты |
1875-1941 |
| Расширение инициалов личного имени |
Ivan Semenovič |
| Системный номер авторитетной/нормативной записи |
178570 |
| Идентификатор авторитетной/нормативной записи |
RU\NLR\AUTH\770178621 |
| 830 ## - ОБЩЕЕ ПРИМЕЧАНИЕ, СОСТАВЛЕННОЕ КАТАЛОГИЗАТОРОМ |
| Текст примечания |
Границы датировки открытки: 1904 - по оформлению адресной стороны; 1914 - по использованию названия "С.-Петербург". А.Я. ОЭст |
| 852 00 - МЕСТОНАХОЖДЕНИЕ И ШИФР ХРАНЕНИЯ |
| Идентификатор организации |
NLR |
| Наименование фонда или коллекции (Sub-Location Identifier) |
Э |
| Шифр хранения (Call Number) |
ОИс525,1/К903 |
| Идентификатор единицы |
Эот26785 |
| 856 #0 - МЕСТОНАХОЖДЕНИЕ ЭЛЕКТРОННЫХ РЕСУРОВ И ДОСТУП К НИМ |
| Универсальный идентификатор ресурса (Uniform Resource Identifier) |
http://vivaldi.nlr.ru/lo000010000/view |
| 856 #1 - МЕСТОНАХОЖДЕНИЕ ЭЛЕКТРОННЫХ РЕСУРОВ И ДОСТУП К НИМ |
| Универсальный идентификатор ресурса (Uniform Resource Identifier) |
http://vivaldi.nlr.ru/lo000010000/cover |
| 856 #2 - МЕСТОНАХОЖДЕНИЕ ЭЛЕКТРОННЫХ РЕСУРОВ И ДОСТУП К НИМ |
| Универсальный идентификатор ресурса (Uniform Resource Identifier) |
http://vivaldi.nlr.ru/lo000010000/text |
| 901 ## - ДАННЫЕ ОБ ОБЪЕКТЕ ОЦИФРОВКИ |
| -- |
Изографические материалы |
| 942 ## - ДОПОЛНИТЕЛЬНЫЕ ЭЛЕМЕНТЫ ЗАПИСИ (АБИС) |
| Тип экземпляра АБИС |
Визуальный материал |
| 980 ## - КОЛЛЕКЦИЯ |
| Название коллекции |
Национальная библиография |
| 981 17 - КОЛЛЕКЦИЯ ЭЛЕКТРОННОЙ БИБЛИОТЕКИ |
| Название коллекции |
Изографические материалы |
| Название подколлекции |
Открытки |